| 000 | 01128cam a22003014i 4500 | ||
|---|---|---|---|
| 001 | 17559312 | ||
| 003 | OSt | ||
| 005 | 20150408114154.0 | ||
| 008 | 121211s2013 enk 001 0 eng | ||
| 010 | _a 2012037879 | ||
| 020 | _a9781118481349 (cloth) | ||
| 020 | _a9781118481424 (pbk.) | ||
| 040 |
_aDLC _beng _cDLC _erda _dDLC |
||
| 042 | _apcc | ||
| 050 | 0 | 0 |
_aQC174.12 _b.S5217 2013 |
| 082 | 0 | 0 |
_a530 _223 _bSPC |
| 100 | 1 |
_aShepherd, Peter J. _q(Peter John) _940347 |
|
| 245 | 1 | 2 |
_aA course in theoretical physics / _cP.J. Shepherd. |
| 300 |
_axvi, 465 pages ; _c26 cm |
||
| 500 | _aIncludes index. | ||
| 650 | 0 |
_aQuantum theory _vTextbooks. _919458 |
|
| 650 | 0 |
_aStatistical physics _vTextbooks. _940348 |
|
| 650 | 0 |
_aPhysics _vTextbooks. |
|
| 776 | 0 | 8 |
_iOnline version: _aShepherd, Peter J. (Peter John) _tCourse in theoretical physics _dChichester, West Sussex, United Kingdom : John Wiley & Sons Inc., 2013 _z9781118516904 _w(DLC) 2012050214 |
| 906 |
_a7 _bcbc _corignew _d1 _eecip _f20 _gy-gencatlg |
||
| 942 |
_2ddc _cDVD |
||
| 999 |
_c32291 _d266791 |
||